000 00462nam a2200181Ia 4500
003 GCL
008 140319s9999 xx 000 0 eng d
040 _aGCL /
_cGCL
082 0 4 _a843
_bO H
100 1 _aORMESSON, JEAN DE
245 1 0 _aHISTOIRE DU JUIF ERRANT /
_cORMESSON, JEAN DE
260 _a[S.N] :
_bGALLIMARD ،
_c1995
300 _a630 P
490 _aCOLLECTION FOLIO
_v0
650 0 4 _aLITERATURE
650 0 4 _aFRENCH LITERATURE
942 _2ddc
_cBK
999 _c23016
_d23016